| 000 | 00764nam a2200253Ia 4500 | ||
|---|---|---|---|
| 999 |
_c55365 _d55365 |
||
| 001 | 22443 | ||
| 003 | GE_BSU | ||
| 005 | 20230310165857.0 | ||
| 008 | 181216s2008||||fr |||||||||||||| ||fre|| | ||
| 020 | _a9782090353136 | ||
| 040 | _cGE_BSU | ||
| 041 | _afr | ||
| 080 | _a811.133.1(076) I-33 | ||
| 245 |
_aICI 1 Methode de francais A1 +CD / _cD. Abry, Y.Daas, C.Fert, ... ; Edition Virginie Poitrasson. |
||
| 264 |
_aParis : _bCLE International, _c2008. |
||
| 300 |
_a127 p. : _b ill. ; _c29 cm. |
||
| 300 | _e+1CD | ||
| 541 | _h111 Gel. 60T. | ||
| 653 | _aICI 1 Methode de francais A1 +CD | ||
| 653 | _aФранцузский язык | ||
| 653 | _aფრანგული ენა | ||
| 700 |
_aPoitrasson, Virginie _cEdition _912727 |
||
| 942 |
_cBK _2udc |
||